[Event "POR-ch"]
[Site "Lisbon"]
[Date "1999.09.05"]
[Round "10"]
[White "Fernando, Diego"]
[Black "Leonardo, Joao"]
[Result "1-0"]
[WhiteElo "2221"]
[BlackElo "2299"]

1.e4 g6 2.d4 Bg7 3.Nc3 d6 4.Be2 c6 5.Be3 Nd7 6.h4 h5 7.Qd2 Qa5 8.Nh3 Ngf6
9.Ng5 b5 10.a3 a6 11.f4 Ng4 12.Bg1 Ndf6 13.e5 Nd5 14.Nxd5 Qxd2+ 15.Kxd2 cxd5
16.Bf3 e6 17.c3 Bd7 18.Nh3 dxe5 19.dxe5 Nh6 20.Be3 Rc8 21.Ng1 Nf5 22.Ne2 Rc4
23.Nd4 Nxe3 24.Kxe3 f6 25.exf6 Bxf6 26.Be2 Rc7 27.Bd3 Kf7 28.Rae1 e5 29.fxe5 Bxe5
30.Rhf1+ Kg7 31.Kd2 Re8 32.Re3 Rcc8 33.Bb1 a5 34.Ba2 Bxd4 35.cxd4 Rxe3 36.Kxe3 Re8+
37.Kd2 Re4 38.Re1 Rxd4+ 39.Kc3 Re4 40.Rxe4 dxe4 41.Bd5 Bf5 42.Kd4 b4 43.axb4 e3
44.Kxe3 axb4 45.Kd4 Kf6 46.Kc4 Ke5 47.Bf7 Kf4 48.Kxb4 Kg3 49.Kc5 Kxg2 50.b4 Kg3
51.b5 Kxh4 52.b6 Bc8 53.Kc6 g5 54.Kc7 Ba6 55.Bc4 Bxc4 56.b7 g4 57.b8=Q Kh3
58.Qb4 Be2 59.Qe1 Bf3 60.Qf2 h4 61.Kd6 Bg2 62.Ke5 g3 63.Qg1 Bc6 64.Kf4 Bb7
65.Kg5 Be4 66.Qf1+ Bg2 67.Qf5+ Kh2 68.Kxh4  1-0

[Event "POR-ch"]
[Site "Lisbon"]
[Date "1999.09.05"]
[Round "11"]
[White "Padeiro, Jose"]
[Black "Costa, Jorge"]
[Result "0-1"]
[WhiteElo "2161"]
[BlackElo "2036"]

1.e4 g6 2.d4 Bg7 3.Nc3 d6 4.Be3 Nf6 5.Qd2 c6 6.f3 O-O 7.O-O-O b5 8.Kb1 Nbd7
9.e5 Ne8 10.Bh6 Qc7 11.Bxg7 Nxg7 12.f4 Nb6 13.Nf3 a5 14.Ne4 f5 15.Ng3 Be6
16.h4 h5 17.Rh3 Kh7 18.Ng5+ Kh6 19.Be2 Bd5 20.Bf3 b4 21.e6 Bxe6 22.Nxe6 Nxe6
23.Re1 Ng7 24.Nf1 Kh7 25.Ne3 e6 26.Rg3 Rf6 27.Rg5 Nd5 28.Bxd5 cxd5 29.Rh1 Qf7
30.Qe2 Qe8 31.Nf1 e5 32.dxe5 dxe5 33.fxe5 Re6 34.Nh2 Rxe5 35.Qd1 Re4 36.Nf3 Rc8
37.Qxd5 Re2 38.Rc1 Qg8 39.Qxg8+ Rxg8 40.Re1 Rge8 41.Rxe2 Rxe2 42.a3 Ne6 43.Rg3 f4
44.Ng5+ Kh6 45.Rb3 Nxg5 46.hxg5+ Kxg5 47.axb4 axb4 48.g3 Re4 49.Kc1 Kg4 50.gxf4 Rxf4  0-1

[Event "EU-ch U18"]
[Site "Litohoto"]
[Date "1999.09.05"]
[Round "3"]
[White "Pridorozhni, Aleksei"]
[Black "Postny, E."]
[Result "1/2-1/2"]
[WhiteElo "2325"]
[BlackElo "2400"]

1.e4 g6 2.d4 Bg7 3.Nc3 d6 4.Be3 a6 5.Qd2 Nd7 6.f3 b5 7.h4 h5 8.Nh3 Bb7 9.Ng5 c5
10.dxc5 Nxc5 11.Bd4 Bxd4 12.Qxd4 e5 13.Qd2 f6 14.Nh3 b4 15.Nd1 d5 16.exd5 Qxd5
17.Qxb4 Ne7 18.Ne3 Qd6 19.Nf2 O-O-O 20.Rd1 Qc7 21.Rxd8+ Rxd8 22.Bc4 f5 23.Nd3 Nxd3+
24.cxd3 Nc6 25.Qc5 Qd6 26.Qxd6 Rxd6 27.Ke2 Nd4+ 28.Kf2 f4 29.Nd1 Nc2 30.Ke2 Kd8
31.Kd2 Nd4 32.Re1 Bxf3 33.gxf3 Nxf3+ 34.Ke2 Nxe1 35.Kxe1 g5 36.hxg5 Rg6 37.Nf2 Rxg5
38.Bxa6 Rg1+ 39.Ke2 Rb1 40.Kf3 Rxb2 41.Bc4 Kc7 42.Ne4 Kc6 43.Ng5 Kc5 44.Ne6+ Kb4
45.Nd8 h4 46.Nc6+ Kc5 47.Nxe5 h3 48.Ng4 h2  1/2-1/2

[Event "Budapest FS09 IM-A"]
[Site "Budapest"]
[Date "1999.09.06"]
[Round "3"]
[White "Resika, Nathan A"]
[Black "Belotelov, Dimitri"]
[Result "1-0"]
[WhiteElo "2251"]
[BlackElo "2267"]

1.e4 g6 2.d4 Bg7 3.Nc3 d6 4.Be3 a6 5.Qd2 b5 6.a4 b4 7.Nd1 a5 8.c3 bxc3 9.bxc3 Nf6
10.f3 O-O 11.h4 e5 12.Bh6 Re8 13.Bxg7 Kxg7 14.Bd3 d5 15.Nf2 exd4 16.Ne2 c5
17.cxd4 dxe4 18.Bxe4 Ba6 19.dxc5 Nc6 20.Rd1 Qxd2+ 21.Rxd2 Nxe4 22.fxe4 Re5
23.O-O f5 24.Rd7+ Ne7 25.Re1 Kf8 26.Nd4 Ke8 27.c6 Rd8 28.Nf3 Re6 29.Ra7 Bc8
30.Ng5 Rxc6 31.exf5 Rd7 32.Rxa5 h6 33.Ne6 Kf7 34.fxg6+ Nxg6 35.h5 Ne7 36.Nf4 Rc4
37.N2d3 Kg8 38.Ra8 Rb7 39.a5 Kg7 40.a6 Rbc7 41.Rxc8 Nxc8 42.Ne6+ Kf6 43.Nxc7 Rxc7
44.Rc1 Rxc1+ 45.Nxc1 Kg5 46.Kf2 Kxh5 47.Kf3 Kg5 48.Ke4 Kf6 49.Kd5 Ke7 50.Kc6 Kd8
51.Ne2 Na7+ 52.Kb7 Nb5  1-0

[Event "EU-ch U18"]
[Site "Litohoto"]
[Date "1999.09.06"]
[Round "4"]
[White "Horvath, Adam"]
[Black "Bitansky, Igor"]
[Result "1-0"]
[WhiteElo "2412"]
[BlackElo "2314"]

1.e4 g6 2.d4 Bg7 3.Nc3 d6 4.Be3 a6 5.Qd2 b5 6.f3 Nd7 7.d5 Nb6 8.a4 b4 9.Nd1 a5
10.Bxb6 cxb6 11.Ne2 Bh6 12.Ne3 Nf6 13.Nd4 Bd7 14.Be2 O-O 15.O-O Qc7 16.Qd3 Rfc8
17.f4 Bg7 18.Kh1 Re8 19.Bf3 Rad8 20.b3 Rc8 21.Nc4 Qc5 22.e5 Nxd5 23.Bxd5 Qxd5
24.Nxb6 Qb7 25.Nxc8 Rxc8 26.exd6 exd6 27.Rad1 Bg4 28.Rd2 Rc3 29.Qb5 Qe4 30.Ne2 Rc5
31.Qd3 Qe7 32.Ng3 d5 33.f5 d4 34.fxg6 hxg6 35.Qe4 Be6 36.Qa8+ Kh7 37.Qe4 Re5
38.Qf4 Bd5 39.Qxd4 Re1 40.Qxd5 Re5 41.Qd8 Qe6 42.Qh4+ Bh6  1-0

[Event "POR-ch"]
[Site "Lisbon"]
[Date "1999.09.08"]
[Round "1"]
[White "Carvalho, Alda"]
[Black "Leonardo, Joao"]
[Result "0-1"]
[WhiteElo "2061"]
[BlackElo "2299"]

1.e4 g6 2.d4 Bg7 3.Nc3 d6 4.Be3 Nd7 5.Qd2 c6 6.Bd3 Ngf6 7.Bh6 Bxh6 8.Qxh6 Qb6
9.Nge2 e5 10.dxe5 dxe5 11.b3 Qxf2+ 12.Kxf2 Ng4+ 13.Ke1 Nxh6 14.h3 Nc5 15.Rd1 f5
16.Rf1 O-O 17.Bc4+ Be6 18.Bxe6+ Nxe6 19.exf5 Nxf5 20.g4 Nfd4 21.Kd2 Nxe2
22.Nxe2 Rad8+ 23.Ke3 Rxf1 24.Rxf1 Kg7 25.Nc1 Nf4 26.Nd3 Nxd3 27.cxd3 Rd4
28.g5 Rh4 29.Rf3 a5 30.Kd2 Rh5 31.Rg3 Kf7 32.Kc3 Ke6 33.d4 e4 34.Kc4 Kf5
35.d5 cxd5+ 36.Kxd5 Rxg5 37.Rc3 Kf4+ 38.Kd4 Rg1 39.Rc4 Rd1+ 40.Kc5 Kf3  0-1

[Event "CRO-chT"]
[Site "Pula"]
[Date "1999.09.09"]
[Round "1"]
[White "Martic, Zlatko"]
[Black "Medak, Bojan"]
[Result "1-0"]
[WhiteElo "2302"]
[BlackElo "2208"]

1.d4 d6 2.e4 g6 3.Nc3 Bg7 4.Bg5 c6 5.Qd2 Qa5 6.f4 b5 7.Nf3 Bg4 8.Be2 Nd7
9.h3 Bxf3 10.Bxf3 Qb6 11.Ne2 c5 12.c3 Rc8 13.Bh4 Qc7 14.O-O Nb6 15.b3 Nf6
16.e5 Nfd7 17.Kh1 Nb8 18.a4 bxa4 19.bxa4 O-O 20.a5 Nc4 21.Qa2 Ne3 22.Rfb1 Nc6
23.Bf2 Nf5 24.a6 Nd8 25.Qa5 Qxa5 26.Rxa5 cxd4 27.cxd4 Rc2 28.g4 Nh6 29.Rc1 Rxc1+
30.Nxc1 Ne6 31.Ne2 Rc8 32.Ra3 Rc2 33.Kg1 d5 34.Rc3 Ra2 35.Rc6 Bf8 36.Kf1 Nd8
37.Rc8 Ne6 38.Bxd5 Rxa6 39.f5 gxf5 40.Be3 f4 41.Nxf4 Nxf4 42.Bxf4 Kg7 43.Ke2 Ng8
44.Bc4 Rb6 45.d5 f6 46.d6 exd6 47.exd6  1-0

[Event "Budapest FS09 IM-A"]
[Site "Budapest"]
[Date "1999.09.10"]
[Round "7"]
[White "Szuk, Balazs"]
[Black "Belotelov, Dimitri"]
[Result "1/2-1/2"]
[WhiteElo "2374"]
[BlackElo "2267"]

1.e4 g6 2.d4 Bg7 3.Nc3 d6 4.f4 e6 5.Nf3 Ne7 6.Be3 Nd7 7.Bd3 a6 8.a4 b6 9.O-O Bb7
10.f5 exf5 11.exf5 Nf6 12.Qd2 Qd7 13.Bh6 Bxh6 14.Qxh6 O-O-O 15.Ng5 Ned5 16.Nxd5 Nxd5
17.Qh3 Rdf8 18.Rae1 f6 19.fxg6 hxg6 20.Qxd7+ Kxd7 21.Ne6 Rfg8 22.c4 Nb4 23.Bb1 f5
24.Nf4 Kd8 25.d5 Bc8 26.g3 a5 27.Ne6+ Bxe6 28.Rxe6 Na6 29.Bc2  1/2-1/2

[Event "CRO-chT"]
[Site "Pula"]
[Date "1999.09.10"]
[Round "2"]
[White "Jukic, Branimir"]
[Black "Muse, Mladen"]
[Result "1-0"]
[WhiteElo "2374"]
[BlackElo "2472"]

1.e4 g6 2.d4 Bg7 3.Nc3 d6 4.Be3 a6 5.Nf3 Nd7 6.Qd2 b5 7.a4 b4 8.Ne2 c5 9.Ng3 Qc7
10.c3 Rb8 11.Be2 Ngf6 12.Bh6 bxc3 13.bxc3 Bxh6 14.Qxh6 cxd4 15.O-O dxc3 16.Rac1 Bb7
17.Ng5 Qc5 18.Kh1 Rc8 19.f4 Qe3 20.Bf3 c2 21.e5 Bxf3 22.exf6 Nxf6 23.gxf3 Qxf4
24.Qg7 Qxg5 25.Qxh8+ Kd7 26.Qg7 Qd5 27.Qh6 Ng4 28.Qf4 Rc4 29.Ne4 Ne5 30.Qd2 Qc6
31.Qe2 f5 32.Nd2 Rc3 33.Rfe1 g5 34.Kg1 Qc5+ 35.Kf1 g4 36.Qxa6 Nxf3 37.Qb7+ Qc7
38.Qxc7+ Kxc7 39.Nxf3 Rxf3+ 40.Kg2 e5 41.Rxc2+ Kd7 42.Ra1  1-0

[Event "CRO-chT"]
[Site "Pula"]
[Date "1999.09.11"]
[Round "3"]
[White "Koznjak, Miroslav"]
[Black "Kljako, Damir"]
[Result "0-1"]
[WhiteElo "2264"]
[BlackElo "2253"]

1.d4 g6 2.e4 Bg7 3.Nc3 d6 4.Nge2 c6 5.g3 Nf6 6.Bg2 O-O 7.O-O e5 8.h3 Nbd7
9.Be3 Qe7 10.f4 exd4 11.Bxd4 Nc5 12.Bxc5 dxc5 13.Qe1 Rd8 14.g4 b5 15.g5 Nd7
16.e5 Nxe5 17.fxe5 Qxg5 18.Qg3 Qxg3 19.Nxg3 Bxe5 20.Nge2 b4 21.Na4 Ba6 22.Rfe1 Bb5
23.Nxc5 Bxe2 24.Nb3 Bxb2 25.Rab1 Bc3 26.Rxe2 a5 27.Kf1 Rd6 28.Nc5 Rf6+ 29.Kg1 Bd4+
30.Kh1 Bxc5 31.Rd1 a4 32.Re5 Bd6 33.Re2 Rc8 34.Red2 Be5 35.Re2 Bc3 36.Rd7 Kf8
37.Kg1 Re8 38.Rxe8+ Kxe8 39.Rc7 Bd4+ 40.Kh1 c5 41.Be4 Kf8 42.Ra7 a3 43.Rc7 Rf4
44.Bd5 Rf1+ 45.Kg2 Rf2+ 46.Kh1 g5 47.Bb3 h5 48.Rd7 g4 49.hxg4 hxg4 50.Rd5 f5
51.Rd7 g3 52.Rf7+ Ke8  0-1

[Event "CRO-chT"]
[Site "Pula"]
[Date "1999.09.14"]
[Round "5"]
[White "Orak, Ljubomir"]
[Black "Kosanski, Stanko"]
[Result "0-1"]
[WhiteElo "2343"]
[BlackElo "2420"]

1.e4 g6 2.d4 Bg7 3.Nc3 d6 4.Be3 c6 5.a4 d5 6.Nf3 Bg4 7.Be2 Nf6 8.e5 Ng8 9.Ng5 Bxe2
10.Nxe2 e6 11.f4 Nh6 12.Nc1 Nf5 13.Bf2 h6 14.Nf3 h5 15.g3 Bf8 16.Nd3 Nd7
17.a5 Be7 18.Qd2 Qc7 19.Rc1 Bd8 20.b4 b6 21.c4 dxc4 22.Rxc4 Qb7 23.O-O bxa5
24.bxa5 Qb5 25.Qc2 Qxa5 26.Nc5 Qc7 27.Nxe6 fxe6 28.Rxc6 Qb7 29.Rxe6+ Kf7
30.Qa2 Kg7 31.d5 Bb6 32.Bxb6 Nxb6 33.d6 Qd5 34.Qxd5 Nxd5 35.Rd1 Nde3 36.Rc1 Rhc8
37.Rc7+ Rxc7 38.dxc7 Rc8 39.Rc6 Ne7 40.Rc5 Kf7 41.Nd4 N3d5 42.Nb5 Ke6 43.Nxa7 Rxc7
44.Rxc7 Nxc7 45.Kg2 Kd5 46.Kf3 Kc5 47.g4 Kb6 48.gxh5 gxh5 49.Nc8+ Nxc8 50.Kg3 Kc6
51.Kh4 Ne7 52.Kxh5 Ne6 53.Kg4 Nd4 54.f5 Ndxf5 55.h4 Kd5 56.e6 Kxe6 57.h5 Nh6+
58.Kf4 Nef5 59.Ke4 Kd6 60.Kd3 Kd5 61.Kc3 Nd6 62.Kd3 Nc4 63.Kc3 Ne5 64.Kb4 Nd3+
65.Kb5 Nf4 66.Kb4 Ne2 67.Kb5 Nc3+ 68.Kb4 Ne2 69.Kb5 Nc3+ 70.Kb4 Kd4 71.Kb3 Nd5
72.Kc2 Ne7 73.Kb3 Nc6 74.Kc2 Na5 75.Kd2 Nb3+ 76.Kc2 Kc4 77.Kb2 Nd4 78.Ka3 Kb5
79.Kb2 Kb4 80.Ka2 Ndf5 81.Kb2 Ne3 82.Kc1 Kc3 83.Kb1 Nc4 84.Ka2 Kc2 85.Ka1 Nf5
86.h6 Nd4 87.h7 Nb3+ 88.Ka2 Nc1+ 89.Ka1  0-1

[Event "CRO-chT"]
[Site "Pula"]
[Date "1999.09.15"]
[Round "6"]
[White "Podobnik, Marijan"]
[Black "Vukovic, Ivo"]
[Result "1-0"]
[WhiteElo "2293"]
[BlackElo "2279"]

1.e4 g6 2.d4 Bg7 3.Nc3 d6 4.f4 Nc6 5.Be3 Nf6 6.Be2 O-O 7.e5 dxe5 8.fxe5 Nd5
9.Nxd5 Qxd5 10.Nf3 Bg4 11.O-O Rad8 12.Qc1 a6 13.c3 Nb8 14.h3 Bf5 15.g4 Bc8
16.c4 Qa5 17.Bh6 Nc6 18.Bxg7 Kxg7 19.d5 Nb8 20.Kg2 c6 21.Qg5 Qc5 22.Rfd1 h6
23.Qd2 cxd5 24.b4 Qb6 25.cxd5 Be6 26.d6 Nc6 27.a3 Kh7 28.Qf4 exd6 29.exd6 Rd7
30.Rd2 Rfd8 31.Rad1 Kg7 32.g5 h5 33.Nd4 Nxd4 34.Qxd4+ Qxd4 35.Rxd4 Kf8 36.Bf3 Ke8
37.a4 Rc8 38.a5 Kd8 39.h4 Rc3 40.R1d3 Rc2+ 41.Rd2 Rc3 42.R2d3 Rc2+ 43.Kg3 Bf5
44.Rd1 Rc3 45.Kf4 Be6 46.Re1 Ke8 47.Re5 Kd8 48.Rc5 Ra3 49.Re5 Ra1 50.Re3 Rf1
51.Ke5 Kc8 52.Rc3+ Kb8 53.Rd1 Rf2 54.Rd4 Rf1 55.Re3 Ka7 56.Bd1 Rd8 57.Rf3 Re1+
58.Kf6 Ba2 59.Rfd3 Bb1 60.Rd2 Ree8 61.d7 Rh8 62.Bb3 Bf5 63.Bxf7 Kb8 64.Ke7 Kc7
65.Rc4+ Kb8 66.Rc5 Bg4 67.Bxg6  1-0

[Event "CRO-chT"]
[Site "Pula"]
[Date "1999.09.16"]
[Round "7"]
[White "Golubovic, Boris"]
[Black "Tkachiev, Vladislav"]
[Result "0-1"]
[WhiteElo "2457"]
[BlackElo "2648"]

1.e4 d6 2.d4 g6 3.Nc3 Bg7 4.Be3 c6 5.Qd2 b5 6.Bd3 Nd7 7.Nf3 Qc7 8.O-O Ngf6
9.h3 O-O 10.Bh6 Bb7 11.Bxg7 Kxg7 12.Rfe1 e5 13.dxe5 dxe5 14.Ne2 a6 15.Ng3 c5
16.c3 h6 17.a4 c4 18.Bc2 Nc5 19.axb5 axb5 20.Qe3 Rfd8 21.Nh4 Kh7 22.Rxa8 Rxa8
23.Qf3 Ra6 24.Rd1 Bc8 25.Nf1 Rd6 26.Rxd6 Qxd6 27.Qe3 Nh5 28.Nf3 Nf4 29.N1d2 Be6
30.Kh2 Ncd3 31.Bxd3 Nxd3 32.Ne1 Nxb2 33.Nc2 Nd1 34.Qe1 Nxc3 35.Nxc4 bxc4
36.Qxc3 Qd3 37.Qb2 c3 38.Qb1 Qxe4 39.Qc1 Qe2 40.Ne3 Qd2  0-1

[Event "CRO-chT"]
[Site "Pula"]
[Date "1999.09.17"]
[Round "8"]
[White "Videki, Sandor"]
[Black "Rukavina, Josip"]
[Result "0-1"]
[WhiteElo "2445"]
[BlackElo "2415"]

1.e4 g6 2.d4 Bg7 3.Nc3 d6 4.Be3 c6 5.Qd2 b5 6.f3 h5 7.Nge2 Nd7 8.a4 b4 9.Nd1 a5
10.Nc1 Ngf6 11.Be2 O-O 12.O-O Qb6 13.c4 bxc3 14.bxc3 Ba6 15.Nb2 Rfb8 16.Ra2 Rb7
17.Bxa6 Qxa6 18.Qd3 d5 19.e5 Ne8 20.Qc2 c5 21.f4 cxd4 22.Bxd4 Rc8 23.Ncd3 f5
24.exf6 Nexf6 25.Nf2 Ng4 26.Qd2 Nxf2 27.Rxf2 Nf6 28.Bxf6 Bxf6 29.Qxd5+ Kg7
30.Qd3 Qe6 31.Nd1 Rd7 32.Qf1 Rcd8 33.Rae2 Qb3 34.Ne3 Bxc3 35.f5 Rd1 36.Nxd1 Rxd1
37.Rxe7+ Kf8  0-1

[Event "Alushta2"]
[Site "Alushta"]
[Date "1999.09.18"]
[Round "1"]
[White "Belikov, Vladimir"]
[Black "Svirjov, Igor"]
[Result "1-0"]
[WhiteElo "2485"]
[BlackElo "2367"]

1.e4 g6 2.d4 Bg7 3.Nc3 d6 4.Be3 c6 5.Qd2 Nd7 6.Nf3 Qc7 7.Bd3 b5 8.O-O Ngf6
9.Bh6 O-O 10.Ne2 e5 11.Ng3 Re8 12.Bxg7 Kxg7 13.Rae1 h6 14.c3 Nf8 15.Nh4 N8h7
16.f4 exd4 17.cxd4 Qb6 18.Bb1 Qd8 19.Nf3 Bg4 20.e5 dxe5 21.dxe5 Nh5 22.Nxh5+ Bxh5
23.Qc3 Bxf3 24.Rxf3 Qb6+ 25.Kh1 Rad8 26.Rff1 Rd4 27.f5 c5 28.Qg3 Qc7 29.fxg6  1-0

[Event "Alushta2"]
[Site "Alushta"]
[Date "1999.09.20"]
[Round "3"]
[White "Sharapov, Eugeny"]
[Black "Svirjov, Igor"]
[Result "1-0"]
[WhiteElo "2385"]
[BlackElo "2367"]

1.e4 g6 2.d4 Bg7 3.Nc3 d6 4.Be3 a6 5.Qd2 Nd7 6.f3 b5 7.h4 h5 8.Nh3 Bb7 9.Ng5 c6
10.a4 Ngf6 11.Bd3 e5 12.O-O O-O 13.dxe5 dxe5 14.Qf2 Qe7 15.Nb1 Ne8 16.axb5 cxb5
17.c4 Nc7 18.Nc3 f6 19.Nh3 bxc4 20.Bxc4+ Kh7 21.f4 exf4 22.Nxf4 Rfe8 23.Nxg6  1-0

[Event "Alushta2"]
[Site "Alushta"]
[Date "1999.09.22"]
[Round "5"]
[White "Belov, Vladimir"]
[Black "Ovsejevitsch, Sergei"]
[Result "1/2-1/2"]
[WhiteElo "2334"]
[BlackElo "2515"]

1.e4 g6 2.d4 Bg7 3.Nc3 d6 4.f4 Nc6 5.Be3 Nf6 6.Nf3 e6 7.Be2 O-O 8.Qd2 Ne7
9.O-O-O Rb8 10.e5 Nfd5 11.Nxd5 Nxd5 12.h4 Qe8 13.Kb1 b5 14.h5 b4 15.Ka1 Qa4
16.hxg6 fxg6 17.Bd3 Ba6 18.Bxa6 Qxa6 19.Rde1 b3 20.a3 bxc2 21.Qxc2 Nb4 22.Qe2 Nd3  1/2-1/2

[Event "Najdorf mem op"]
[Site "Buenos Aires"]
[Date "1999.09.23"]
[Round "3"]
[White "Cativelli, Gerardo"]
[Black "Ginzburg, Maximiliano"]
[Result "0-1"]
[WhiteElo "2264"]
[BlackElo "2406"]

1.e4 g6 2.d4 Bg7 3.Nc3 d6 4.g3 Nc6 5.Be3 Nf6 6.h3 O-O 7.Bg2 e5 8.Nge2 exd4
9.Nxd4 Bd7 10.O-O Re8 11.Re1 a6 12.Kh2 Rb8 13.f4 Na5 14.Bf2 c5 15.Nf3 Bc6
16.Nd2 b5 17.Rb1 Nd7 18.Nd5 b4 19.c4 bxc3 20.Nxc3 Rxb2 21.Rxb2 Bxc3 22.Rb1 Nf6
23.Qc1 Bxd2 24.Qxd2 Nxe4 25.Bxe4 Bxe4 26.Rbd1 Nb7 27.Qb2 Qc8 28.Qb6 a5 29.Rc1 h5
30.Bd4 Qe6 31.Bb2 a4 32.Re2 Qd7 33.Rce1 f5 34.Ba1 Kh7 35.g4 Rg8 36.Qb2 d5
37.Rg1 d4 38.Qc1 hxg4 39.hxg4 Kg7 40.Kg3 Rh8 41.g5 Qb5 42.Qd1 Qb4 43.Rge1 Nd6
44.Qc1 Kf7 45.Qb2 Qc4 46.Rd2 Ke6 47.Rc1 Qd5 48.Qb6  0-1

[Event "Alushta2"]
[Site "Alushta"]
[Date "1999.09.24"]
[Round "7"]
[White "Kuzmin, Gennadi P"]
[Black "Svirjov, Igor"]
[Result "1-0"]
[WhiteElo "2518"]
[BlackElo "2367"]

1.e4 g6 2.d4 d6 3.Nc3 Bg7 4.Be3 c6 5.Qd2 Nd7 6.a4 Qc7 7.f4 Ngf6 8.Nf3 O-O
9.e5 Ng4 10.Bg1 f6 11.h3 Nh6 12.Bh2 Qa5 13.Bc4+ Kh8 14.O-O Nb6 15.Bd3 Bf5
16.g4 Bxd3 17.cxd3 dxe5 18.fxe5 Nd5 19.Rae1 Nf7 20.Nxd5 Qxd5 21.Qb4 Ng5 22.Nxg5 fxg5
23.Bg3 Rf3 24.Rxf3 Qxf3 25.Kh2 h5 26.Qd2 h4 27.Bf2 Rf8 28.Re2 Rf4 29.Qe3 Qd5
30.Bxh4 Rxd4 31.Qxg5 Rxd3 32.Bg3 Qe6 33.h4 Rd4 34.Kh3 Rxa4 35.h5 gxh5 36.Qxh5+ Qh6
37.Rd2 Qxh5+ 38.gxh5 Rb4 39.Rd7 e6 40.Re7 Rxb2 41.Rxe6 Kh7 42.Bf4 Bf8 43.Rf6 Bg7
44.Re6 Bf8 45.Re8 Bc5 46.Bg5 Rf2 47.Bf6 Rxf6 48.exf6 a5 49.Kg4 a4 50.Re7+ Kh6
51.Rg7 a3 52.Rxb7  1-0

[Event "Alushta2"]
[Site "Alushta"]
[Date "1999.09.26"]
[Round "9"]
[White "Yagupov, Igor"]
[Black "Svirjov, Igor"]
[Result "1-0"]
[WhiteElo "2449"]
[BlackElo "2367"]

1.e4 g6 2.d4 Bg7 3.Nc3 d6 4.Be3 Nf6 5.Qd2 Ng4 6.Bg5 h6 7.Bh4 c6 8.h3 Nf6
9.f4 b5 10.Bd3 e5 11.dxe5 dxe5 12.fxe5 Nxe4 13.Bxd8 Nxd2 14.Bf6 Bxf6 15.exf6 Nc4
16.Bxc4 bxc4 17.O-O-O Be6 18.Nge2 Nd7 19.Rhf1 O-O-O 20.Nd4 Kc7 21.Nxe6+ fxe6
22.Ne4 Rhf8 23.h4 Rb8 24.a4 Rf7 25.g4 Rb4 26.c3 Rxa4 27.g5 hxg5 28.Kc2 gxh4
29.Ng5 Rxf6 30.Rxd7+ Kxd7 31.Rxf6 Ra1 32.Rxg6 Rg1 33.Rg7+ Kc8 34.Nxe6 Rxg7
35.Nxg7 h3 36.Nf5 h2 37.Ng3 Kd7 38.Kd2 Ke6 39.Ke3 Ke5 40.Kf3 c5 41.Nh1 Kd5
42.Nf2 Kc6 43.Kg2 a5 44.Kxh2 a4 45.Kg3 Kb5 46.Ne4 a3 47.bxa3 Ka4 48.Nxc5+ Kxa3
49.Kf4  1-0

[Event "Manhattan CC-ch"]
[Site "New York"]
[Date "1999.09.26"]
[Round "4"]
[White "Rajlich, Vasik G"]
[Black "Burnett, Ronald"]
[Result "0-1"]
[WhiteElo "2297"]
[BlackElo "2423"]

1.e4 g6 2.d4 Bg7 3.Nc3 d6 4.Nf3 a6 5.Be3 b5 6.Qd2 Bb7 7.Bd3 Nd7 8.O-O-O c5
9.dxc5 Nxc5 10.Kb1 Rc8 11.Rhe1 Nxd3 12.Qxd3 Nf6 13.Nd5 Nxd5 14.exd5 O-O 15.Bd4 Rc4
16.b3 Rxd4 17.Nxd4 Bxd5 18.Nf5 gxf5 19.Qxd5 e6 20.Qd2 Qf6 21.c3 d5 22.Qc2 b4
23.Rd3 bxc3 24.Red1 a5 25.a3 Qe7 26.Ka2 Qc5 27.Rg3 Rb8 28.Rdd3 d4 29.Rdf3 Qd5
30.a4 Rb4 31.Rxc3 dxc3 32.Qxc3 Rxa4+  0-1

[Event "Manhattan CC-ch"]
[Site "New York"]
[Date "1999.09.26"]
[Round "4"]
[White "Feldman, B."]
[Black "Fedorowicz, John P"]
[Result "0-1"]
[WhiteElo "2213"]
[BlackElo "2565"]

1.e4 g6 2.d4 Bg7 3.Nc3 d6 4.f4 Nc6 5.Nf3 Bg4 6.Be3 Bxf3 7.gxf3 e6 8.h4 d5
9.Bb5 Ne7 10.Qd2 a6 11.Bxc6+ Nxc6 12.O-O-O Qd7 13.h5 O-O-O 14.Ne2 Kb8 15.Kb1 Ne7
16.Nc1 Qc6 17.Qd3 Nc8 18.Nb3 Nd6 19.Nd2 Rd7 20.hxg6 hxg6 21.Rxh8+ Bxh8 22.Rh1 Rd8
23.c3 dxe4 24.Nxe4 Nf5 25.Bc1 Bg7 26.Ng5 Qd7 27.Qc2 a5 28.Rh7 a4 29.a3 Rc8
30.Ne4 b6 31.Qe2 Qe8 32.Qc4  0-1

[Event "Najdorf mem op"]
[Site "Buenos Aires"]
[Date "1999.09.27"]
[Round "6"]
[White "Tempone, Marcelo"]
[Black "Zarnicki, Pablo"]
[Result "1/2-1/2"]
[WhiteElo "2423"]
[BlackElo "2497"]

1.d4 g6 2.e4 Bg7 3.Nc3 d6 4.Bc4 Nf6 5.Bb3 O-O 6.Nf3 Nc6 7.h3 Na5 8.O-O Nxb3
9.axb3 b6 10.e5 Nd7 11.Re1 Bb7 12.Bf4 dxe5 13.Nxe5 c5 14.d5 Nxe5 15.Bxe5 e6
16.Bxg7 Kxg7 17.dxe6 Qg5 18.Qg4 Qxg4 19.hxg4 fxe6 20.Rxe6 Rf7 21.f3 Rd8 22.Rxa7 Bxf3
23.Rxf7+ Kxf7 24.Rxb6 Bxg4 25.Ne4 Rd1+ 26.Kh2 Rc1 27.b4 Rxc2 28.bxc5 Ke7
29.Rb7+ Kd8 30.Kg3 Bd7 31.Rb6 Kc7 32.Nc3 Bc6 33.Nb5+ Kd7 34.Nd4 Rxg2+ 35.Kf4 Ba8
36.b4 h5 37.Ra6 Rg4+ 38.Ke3 Rg3+ 39.Kf2 Rg2+ 40.Kf1 Be4 41.Ra7+ Kc8 42.c6 Rb2
43.Ra8+ Kc7 44.Ra7+ Kc8  1/2-1/2

[Event "SLO-ch"]
[Site "Kranj"]
[Date "1999.10.03"]
[Round "2"]
[White "Susnik, Matej"]
[Black "Djurkovic, Maks"]
[Result "1-0"]
[WhiteElo "2224"]
[BlackElo "2147"]

1.e4 g6 2.d4 Bg7 3.Nc3 d6 4.f4 c6 5.Nf3 Bg4 6.Be2 Qb6 7.e5 Nh6 8.Ne4 Nf5
9.c3 Nd7 10.Nfg5 Bxe2 11.Qxe2 h6 12.Nxf7 Kxf7 13.e6+ Ke8 14.exd7+ Kxd7 15.g4 Nxd4
16.cxd4 Bxd4 17.Rf1 Raf8 18.Rf3 a5 19.Rb3 Qa7 20.a4 d5 21.Ng3 Rf6 22.f5 e6
23.g5 hxg5 24.Bxg5 exf5 25.Bxf6 Bxf6 26.O-O-O Re8 27.Qf3 Qc5+ 28.Kb1 b6 29.Nxf5 Qc4
30.Ng3 Qxa4 31.Rxb6 Re3 32.Qxe3 Qxd1+ 33.Qc1 Qd3+ 34.Qc2 Qxc2+ 35.Kxc2 Kc7
36.Ra6 Bd4 37.Rxa5 c5 38.Ra3 c4 39.Ra8 Bg1  1-0

[Event "Tatry op"]
[Site "Tatranska Lomnica"]
[Date "1999.10.03"]
[Round "2"]
[White "Karnik, Pavel"]
[Black "Tikovsky, Alexandr"]
[Result "1-0"]
[WhiteElo "2275"]
[BlackElo "2112"]

1.e4 g6 2.d4 Bg7 3.Nc3 d6 4.Be3 c6 5.Qd2 b5 6.Bd3 Nd7 7.Nf3 Nb6 8.h3 Nc4
9.Bxc4 bxc4 10.O-O Nf6 11.e5 Nd5 12.Bh6 O-O 13.Ne4 Rb8 14.b3 Ba6 15.Rfe1 Nc7
16.exd6 exd6 17.Bg5 f6 18.Bf4 Ne8 19.Qc3 cxb3 20.axb3 Rb6 21.Rxa6 Rxa6 22.Qc4+ d5
23.Qxa6 dxe4 24.Rxe4 g5 25.Bd2 Nd6 26.Re1 Qb6 27.Qd3 Rf7 28.Re6 Bf8 29.d5 cxd5
30.Qxd5 Qd8 31.Bxg5 fxg5 32.Nxg5 Nb7 33.Rg6+  1-0

[Event "SLO-ch"]
[Site "Kranj"]
[Date "1999.10.04"]
[Round "3"]
[White "Podkriznik, Gregor"]
[Black "Tratar, Marko"]
[Result "1/2-1/2"]
[WhiteElo "2306"]
[BlackElo "2442"]

1.e4 g6 2.d4 Bg7 3.Nc3 d6 4.Nf3 Nf6 5.Bf4 Nc6 6.Qd2 Bg4 7.d5 Nb8 8.Bh6 Bxh6
9.Qxh6 Bxf3 10.gxf3 c6 11.O-O-O Qb6 12.Qe3 Nbd7 13.Bg2 Qxe3+ 14.fxe3 Kd8
15.f4 Kc7 16.Bf3 Rhe8 17.Rd2 Rad8 18.Rhd1 Nb8 19.a3 a6 20.b3 e6 21.dxc6 Nxc6
22.Rf1 Nd7  1/2-1/2

[Event "World Cities-ch 2nd"]
[Site "Shenyang"]
[Date "1999.10.04"]
[Round "1"]
[White "Li Ruofan"]
[Black "Irzhanov, Ruslan"]
[Result "0-1"]
[WhiteElo "2262"]
[BlackElo "2536"]

1.e4 g6 2.d4 Bg7 3.Nc3 d6 4.Nf3 c6 5.Be3 Qb6 6.a3 Nf6 7.h3 O-O 8.Bd3 Nbd7
9.e5 Nd5 10.Nxd5 cxd5 11.exd6 exd6 12.Rb1 Nf6 13.O-O Re8 14.c4 dxc4 15.Bxc4 Bf5
16.Bd3 Bxd3 17.Qxd3 Nd5 18.Bd2 Rac8 19.b4 Ne7 20.Rfe1 Nf5 21.d5 Nd4 22.Rxe8+ Rxe8
23.Re1 Nxf3+ 24.Qxf3 Rxe1+ 25.Bxe1 Qd4 26.Qe3 Qxd5 27.Qe8+ Bf8 28.Bc3 Qd1+
29.Kh2 Qc1 30.Bh8 Qh6 31.Bc3 Qf4+ 32.Kg1 Qc1+ 33.Be1 Qxa3 34.g3 Qd3 35.Kh2 d5
36.Qe5 Qe4  0-1

[Event "Tatry op"]
[Site "Tatranska Lomnica"]
[Date "1999.10.05"]
[Round "4"]
[White "Huba, Martin"]
[Black "Petran, Peter"]
[Result "0-1"]
[WhiteElo "2152"]
[BlackElo "2407"]

1.e4 g6 2.d4 Bg7 3.Nc3 d6 4.Be3 c6 5.Qd2 b5 6.Bd3 Nd7 7.f4 a6 8.Nf3 c5 9.O-O Bb7
10.e5 cxd4 11.Bxd4 Bxf3 12.Rxf3 dxe5 13.fxe5 Nxe5 14.Bxe5 Bxe5 15.Re1 Bf6
16.Ne4 Kf8 17.Kh1 Kg7 18.Ref1 h5 19.h4 Rc8 20.Qf2 Rc6 21.b3 Nh6 22.Nxf6 exf6
23.c4 Ng4 24.Qb2 Rd6 25.Be4 Rd2 26.Qc3 Qd6 27.Rf4 Qxf4  0-1

[Event "SLO-ch"]
[Site "Kranj"]
[Date "1999.10.06"]
[Round "5"]
[White "Crepan, Marjan"]
[Black "Djurkovic, Maks"]
[Result "1-0"]
[WhiteElo "2289"]
[BlackElo "2147"]

1.e4 g6 2.Nc3 Bg7 3.d4 d6 4.Be2 c6 5.a4 Qb6 6.Nf3 a5 7.h3 Na6 8.O-O Nf6 9.Be3 O-O
10.Nd2 Bd7 11.f4 Qc7 12.Qe1 Nb4 13.Rc1 h5 14.Qh4 Qc8 15.Rf2 Re8 16.Nc4 Qd8
17.g4 hxg4 18.hxg4 d5 19.Ne5 dxe4 20.f5 Nfd5 21.fxg6 fxg6 22.Rh2 Nxe3 23.Qh7+ Kf8
24.Nxg6+ Kf7 25.Ne5+ Ke6 26.Qxg7 Rf8 27.Nxe4 Be8 28.Rh6+ Rf6 29.Qg8+  1-0

[Event "EU-ch U20 Girls"]
[Site "Patras"]
[Date "1999.10.07"]
[Round "3"]
[White "Pokorna, Regina"]
[Black "Zozulia, Anna"]
[Result "1/2-1/2"]
[WhiteElo "2091"]
[BlackElo "2353"]

1.e4 g6 2.d4 Bg7 3.Nc3 d6 4.f4 Nf6 5.Nf3 O-O 6.Bd3 Na6 7.O-O c5 8.d5 Nc7
9.a4 Rb8 10.Qe1 b6 11.Qh4 a6 12.f5 b5 13.axb5 axb5 14.fxg6 fxg6 15.Bh6 Nh5
16.Bxg7 Kxg7 17.Ng5 h6 18.Rxf8 Qxf8 19.Nf3 b4 20.Nd1 Qf6 21.Qxf6+ Nxf6 22.Ra7 Rb7
23.Ra5 Bd7 24.Ne3 Bb5 25.e5 dxe5 26.Bxb5 Rxb5 27.Rxb5 Nxb5 28.Nxe5 Nd4 29.Kf1 Ne4
30.Nd3 h5 31.c3 bxc3 32.bxc3 Nxc3 33.Nxc5 Kf7 34.Ke1 Nf5 35.Kd2 Nxe3 36.Kxe3 Nxd5+
37.Ke4 Nf6+ 38.Kf4 Nd5+ 39.Ke4 Nf6+ 40.Kf4 Ne8 41.h3 Ng7 42.Ke5 Nf5 43.g4 hxg4
44.hxg4 Ng7 45.g5 Nf5 46.Ne4 Nh4 47.Nc5 Nf3+ 48.Kf4 Nd4 49.Ke5 Nc6+ 50.Kd5 Nb4+
51.Ke5  1/2-1/2